Psychológia medzi štartom a cieľom

Saved in:
Bibliographic Details
Format: Book
Language:Slovak
Published: Bratislava Šport 1987
Edition:1. vyd.
Series:Tréner
Tags: Add Tag
No Tags, Be the first to tag this record!

MARC

LEADER 00000nam a2200000 4500
001 c024159
005 20260116070313.2
041 0 |a slo 
044 |a SK 
245 1 0 |a Psychológia medzi štartom a cieľom  |c Frank Schubert ; [Z nem. prel.] Vojtech David 
250 |a 1. vyd. 
264 1 |a Bratislava  |b Šport  |c 1987 
300 |a 276 s. 
490 1 |a Tréner 
830 0 |a Tréner